Vista normal
Vista MARC
Entrada Materia (personas)
Número de registros utilizados en: 1
001 - CONTROL NUMBER
- control field: 78115
003 - CONTROL NUMBER IDENTIFIER
- control field: Co-BoUCM
005 - DATE AND TIME OF LATEST TRANSACTION
- control field: 20160713081121.0
008 - FIXED-LENGTH DATA ELEMENTS
- fixed length control field: 160713|| aca||aabn | a|a d
040 ## - CATALOGING SOURCE
- Original cataloging agency: Co-BoUCM
- Transcribing agency: Co-BoUCM
100 ## - HEADING--PERSONAL NAME
- Personal name: Diehl, Paul F.
- Fuller form of name: (Paul Francis)
670 ## - SOURCE DATA FOUND
- Source citation: Work cat.: (Co-BoUCM)303618: Diehl, Paul F. (Paul Francis), Evaluating peace operations, 2010